000 00367nam a2200145Ia 4500
008 240624s9999 xx 000 0 und d
041 _aeng
082 _a338.5 DHO
100 _aDHOLAKIA R H
245 _aMICROECONOMICS FOR MANAGEMENT STUDENTS
250 _a(2nd ed.)
260 _c1999
_aNew Delhi
_bOxford University press
300 _a434 : p.
365 _cRS
_b30
999 _c9393
_d9393